书目信息 |
| 题名: |
你就是自己的心理调节师
|
|
| 作者: | 赵望锋 编著 | |
| 分册: | ||
| 出版信息: | 北京 中国纺织出版社 2017 |
|
| 页数: | 270页 | |
| 开本: | 24cm | |
| 丛书名: | ||
| 单 册: | ||
| 中图分类: | R395.6-49 | |
| 科图分类: | ||
| 主题词: | 心理调节--xin li diao jie--通俗读物 | |
| 电子资源: | ||
| ISBN: | 978-7-5180-3093-4 | |
| 000 | 00871nam0 2200253 450 | |
| 001 | 012001000336 | |
| 005 | 20140105170759.0 | |
| 010 | @a978-7-5180-3093-4@dCNY36.80 | |
| 099 | @aCAL 012017038206 | |
| 100 | @a20170327d2017 em y0chiy50 ea | |
| 101 | 0 | @achi |
| 102 | @aCN@b110000 | |
| 105 | @ay a 000yy | |
| 106 | @ar | |
| 200 | 1 | @a你就是自己的心理调节师@Ani jiu shi zi ji de xin li tiao jie shi@f赵望锋编著 |
| 210 | @a北京@c中国纺织出版社@d2017 | |
| 215 | @a270页@d24cm | |
| 320 | @a有书目 | |
| 330 | @a本书以现实故事为典型案例,从心理学的专业角度分析心理调节的重要性。同时,切实为您讲述如何成为自己的心理的调节师,让您扫去心灵的尘埃,愉快地享受生活。 | |
| 606 | 0 | @a心理调节@Axin li diao jie@j通俗读物 |
| 690 | @aR395.6-49@v5 | |
| 701 | 0 | @a赵望锋@Azhao wang feng@4编著 |
| 801 | 0 | @aCN@b北京卓展文化@c20191020 |
| 905 | @b1200269-72@dR395.6-49@e329@f4 | |
| 你就是自己的心理调节师/赵望锋编著.-北京:中国纺织出版社,2017 |
| 270页;24cm |
| ISBN 978-7-5180-3093-4:CNY36.80 |
| 本书以现实故事为典型案例,从心理学的专业角度分析心理调节的重要性。同时,切实为您讲述如何成为自己的心理的调节师,让您扫去心灵的尘埃,愉快地享受生活。 |
| ● |
| 相关链接 |
|
|
|
|
正题名:你就是自己的心理调节师
索取号:R395.6-49/329
 
预约/预借
| 序号 | 登录号 | 条形码 | 馆藏地/架位号 | 状态 | 备注 |
| 1 | 1200269 | 212002697 | 第二样本阅览室/ [索取号:R395.6-49/329] | 在馆 | |
| 2 | 1200270 | 212002704 | 第三借阅区/ [索取号:R395.6-49/329] | 在馆 | |
| 3 | 1200271 | 212002713 | 第三借阅区/ [索取号:R395.6-49/329] | 在馆 | |
| 4 | 1200272 | 212002722 | 第三借阅区/ [索取号:R395.6-49/329] | 在馆 |